Krishimalayalam (Record no. 95026)

MARC details
000 -LEADER
fixed length control field 00378nam a2200145Ia 4500
008 - FIXED-LENGTH DATA ELEMENTS--GENERAL INFORMATION
fixed length control field 211118s9999||||xx |||||||||||||| ||und||
082 ## - DEWEY DECIMAL CLASSIFICATION NUMBER
Classification number 630
Item number SUJ-K
100 ## - MAIN ENTRY--PERSONAL NAME
Personal name Sujithkumar, C K
245 #0 - TITLE STATEMENT
Title Krishimalayalam
260 ## - PUBLICATION, DISTRIBUTION, ETC.
Name of publisher, distributor, etc. Aksharasamskriti
Place of publication, distribution, etc. Kannur
Date of publication, distribution, etc. 1999
300 ## - PHYSICAL DESCRIPTION
Extent 316p.
630 ## - SUBJECT ADDED ENTRY--UNIFORM TITLE
General subdivision Reference Reading Room
650 ## - SUBJECT ADDED ENTRY--TOPICAL TERM
Topical term or geographic name entry element Technology
942 ## - ADDED ENTRY ELEMENTS (KOHA)
Koha item type BOOK
650 ## - SUBJECT ADDED ENTRY--TOPICAL TERM
Form subdivision AgricultureGeneralia
Holdings
Withdrawn status Lost status Damaged status Not for loan Home library Current library Date acquired Cost, normal purchase price Total Checkouts Full call number Barcode Shelving location Date last seen Price effective from Koha item type
        SB LIBRARY SB LIBRARY 18/11/2021 120.00   630 SUJ-K 00100040 REFERENCE READING ROOM 18/11/2021 18/11/2021 BOOK

Powered by Koha